|
|
|
|
| LEADER |
00892cam a2200229 7i4500 |
| 001 |
0000040656 |
| 005 |
20170218090000.0 |
| 020 |
|
|
|a 9781439893135 (hbk. ; vol. 6)
|
| 020 |
|
|
|a 9781439819029 (hbk. ; vol. 4)
|
| 090 |
0 |
0 |
|a QA76.9
|b .I55
|
| 245 |
0 |
0 |
|a Information security management handbook
|c edited by Harold F. Tipton, Micki Krause.
|
| 250 |
|
|
|a 6th ed.
|
| 260 |
|
|
|a Boca Raton, FL:
|b CRC Press,
|c 2007, 2010.
|
| 300 |
|
|
|a 2 v.:
|b ill.;
|c 26 cm.
|
| 650 |
0 |
0 |
|a Computer security --
|x Management
|
| 650 |
0 |
0 |
|a Data protection
|
| 700 |
1 |
|
|a Nozaki, Micki Krause
|
| 700 |
1 |
|
|a Tipton, Harold F.
|
| 997 |
|
|
|a Communication, Visual Art & Computing, Faculty
|b Computing, Department
|
| 998 |
|
|
|a Computer Science (Network Security and Digital Forensic), Degree
|
| 999 |
|
|
|a 0000054225
|b BOK
|c REFERENCE
|e Ground Floor, Bestari Jaya
|
| 999 |
|
|
|a 0000056066
|b BOK
|c REFERENCE
|e Ground Floor, Bestari Jaya
|